Pittsburgh Pirates All Time Hits Leaders - Statistics

General Stats
  • This quiz has been taken 19 times
  • The average score is 6 of 10
Answer Stats
Hint Answer % Correct
3000 Roberto Clemente
100%
1670 Andrew McCutchen
93%
2232 Willie Stargell
93%
2967 Honus Wagner
79%
2016 Bill Mazeroski
64%
2317 Lloyd Waner
29%
2868 Paul Waner
29%
2416 Pie Traynor
29%
1709 Arky Vaughan
21%
2416 Max Carey
14%
No matching quizzes found
Score Distribution
Percent of People with Each Score
Percentile by Number Answered
Your Score History
You have not taken this quiz